LEADER 02316nam 22005895u 450 001 9910157655303321 005 20211006145158.0 010 $a9783318036039 010 $a331803603X 035 $a(CKB)3780000000101849 035 $a(OCoLC)1046113487 035 $a(SZ-BaSKA)221905 035 $a(MiAaPQ)EBC31866903 035 $a(Au-PeEL)EBL31866903 035 $a(EXLCZ)993780000000101849 100 $a20211006d1990 uy 0 101 0 $aeng 135 $aurunu||||| 181 $ctxt$2rdacontent 182 $cc$2rdamedia 183 $acr$2rdacarrier 200 10$aNutritional Adaptation to New Life-Styles : $e27th Symposium of the Group of European Nutritionists on Nutritional Adaptations to New Life- Styles, Helsinki, June 1989 / $f editors, J.C. Somogyi, E.H. Koskinen 205 $a1st ed. 210 $aBasel : $cS. Karger, $d1990 215 $a1 online resource (VIII + 220 pages) : $c 25 figures, 54 tables 225 1 $aIssn Series 311 08$a9783805551830 311 08$a3805551835 327 $a978-3-8055-5183-0_Cover -- 978-3-8055-5183-0_00I -- 978-3-8055-5183-0_001 -- 978-3-8055-5183-0_017 -- 978-3-8055-5183-0_030 -- 978-3-8055-5183-0_052 -- 978-3-8055-5183-0_059 -- 978-3-8055-5183-0_072 -- 978-3-8055-5183-0_080 -- 978-3-8055-5183-0_092 -- 978-3-8055-5183-0_104 -- 978-3-8055-5183-0_108 -- 978-3-8055-5183-0_117 -- 978-3-8055-5183-0_125 -- 978-3-8055-5183-0_133 -- 978-3-8055-5183-0_143 -- 978-3-8055-5183-0_157 -- 978-3-8055-5183-0_165 -- 978-3-8055-5183-0_176 -- 978-3-8055-5183-0_195 -- 978-3-8055-5183-0_208 -- 978-3-8055-5183-0_217. 410 0$aIssn Series 606 $aNutrition 606 $aBehavioral Research 606 $aPreventive Medicine 606 $aPublic Health 606 $aSocial Medicine 606 $aSociology 615 14$aNutrition 615 24$aBehavioral Research 615 24$aPreventive Medicine 615 24$aPublic Health 615 24$aSocial Medicine 615 24$aSociology 676 $a363.8/094 700 $aSomogyi$b J.C 701 $aSomogyi$b J. C$g(Johann Carl)$01230448 701 $aKoskinen$b Esko H$01234681 801 0$bUKSKG 801 1$bUKSKG 906 $aBOOK 912 $a9910157655303321 996 $aNutritional Adaptation to New Life-Styles$92868157 997 $aUNINA